Laurie Little Women Monologue - Statistics

General Stats
  • This quiz has been taken 77 times
  • The average score is 78 of 137
Answer Stats
Answer % Correct
I
98%
love
98%
you
95%
Jo
90%
it
88%
have
84%
no
83%
ever
81%
go
79%
me
79%
loved
78%
since
78%
to
78%
us
76%
got
74%
out
74%
It's
72%
its
72%
an
71%
I've
71%
known
71%
use
71%
and
69%
help
62%
couldn't
55%
but
52%
tried
52%
we've
52%
fine
50%
like
45%
wouldn't
45%
let
43%
can't
41%
hear
41%
up
41%
gave
40%
not
40%
on
40%
the
40%
billiards
38%
did
36%
I'm
36%
never
36%
show
36%
so
36%
good
34%
this
34%
you'd
34%
answer
33%
complained
33%
didn't
31%
everything
31%
for
31%
give
31%
must
31%
now
31%
waited
31%
any
29%
make
29%
though
28%
enough
24%
happy
24%
longer
24%
you've
22%
thought
21%
been
19%
was
19%
all
16%
half
16%
going
14%
please
14%
will
12%
hoped
9%
only
5%
better
3%
sooner
3%
more
2%
hard
0%
worked
0%
No matching quizzes found
Score Distribution
Percent of People with Each Score
Percentile by Number Answered
Your Score History
You have not taken this quiz